000 01204nam a2200397 a 4500
001
003 DO-SdBPM
005 20250905084404.0
007 ta
008 100212s2006 sp 000 0 spa d
020 _a9597153157
040 _aDO-SdBPM
_bspa
_cBPMSU
_erda
049 _a
082 4 _a780.97291
_bG633m 2006
_222
100 _aGómez Cairo, Jesús
_eautor
245 0 3 _aMúsica cubana :
_balgunos procesos, creaciones y figuras paradinmáticas /
_cJesús Gómez Cairo
250 _a
260 _a
_c
264 _aLa Habana :
_b Adelante Editora musical de Cuba,
_c2006
300 _a43 páginas :
_bilustraciones , mus ;
_c27 cm.
336 _atext
_btxt
_2rdacontent
337 _asin mediación
_bn
_2rdamedia
338 _avolumen
_bnc
_2rdacarrier
500 _a
500 _a
500 _a
504 _a
590 _aInventariado, 2025/VM
590 _6Inventariado, 2025/VM
650 7 _a Músicos cubanos
_xCrítica e interpretación
_z
650 4 _aMúsicos cubanos
_xCrítica e interpretación
_z
650 7 _aMúsica
_xHistoria y crítica
651 _a
910 _aVMateo V. Control de calidad. BPMSU
942 _2ddc
_cBK
999 _c15372
_d15372